[Event "RSA-ch"]
[Site "Cape Town"]
[Date "2024.03.31"]
[Round "8"]
[White "Karsten, Jan"]
[Black "Barrish, Daniel"]
[Result "1/2-1/2"]
[WhiteElo "2323"]
[BlackElo "2218"]
[PlyCount "102"]
[EventDate "2024.03.25"]
[EventType "tourn"]
[EventRounds "11"]
[EventCountry "RSA"]
[SourceTitle "CB14_2024"]
[SourceDate "2024.04.01"]
[SourceVersion "1"]
[SourceVersionDate "2024.04.01"]
[SourceQuality "1"]

1. e4 c6 2. d4 d5 3. e5 c5 4. dxc5 e6 5. c3 Bxc5 6. Qg4 g6 7. Nf3 Nd7 8. Bd3 Qc7 9. Qg3 Be7 10. 0-0 f6 11. Bb5 a6 12. Bxd7+ Bxd7 13. Re1 0-0-0 14. Be3 fxe5 15. Qxe5 Bf6 16. Qxc7+ Kxc7 17. Bf4+ Kc8 18. Be5 Bxe5 19. Nxe5 Nh6 20. Nd2 Rhf8 21. Ndf3 Nf7 22. Nxf7 Rxf7 23. Ng5 Re7 24. Rad1 Rde8 25. f4 e5 26. fxe5 Rxe5 27. Rxe5 Rxe5 28. Nf3 Rf5 29. Re1 Rf7 30. Ng5 Rg7 31. Re5 Bc6 32. Re3 h6 33. Nf3 Kd7 34. Nd4 Re7 35. Kf2 Rxe3 36. Kxe3 Kd6 37. Kf4 Bd7 38. h4 a5 39. g4 b6 40. Nf3 Be6 41. b3 a4 42. bxa4 Bd7 43. g5 h5 44. Ke3 Kc5 45. Ne5 Bf5 46. a3 Bc2 47. Kf4 Kd6 48. Nf7+ Ke7 49. Nh6 Ke6 50. Ng8 Bxa4 51. Nf6 Bc6 1/2-1/2

[Event "Kimberley Moja op"]
[Site "Kimberley"]
[Date "2023.10.01"]
[Round "4"]
[White "Banda, Alton"]
[Black "Karsten, Jan"]
[Result "0-1"]
[WhiteElo "1839"]
[BlackElo "2249"]
[PlyCount "56"]
[EventDate "2023.09.30"]
[EventType "swiss"]
[EventRounds "9"]
[EventCountry "RSA"]
[SourceTitle "EXT 2024"]
[Source "ChessBase"]
[SourceDate "2023.10.10"]
[SourceVersion "1"]
[SourceVersionDate "2023.10.10"]
[SourceQuality "1"]

1. e4 c5 2. Nf3 d6 3. d4 cxd4 4. Nxd4 Nf6 5. Nc3 a6 6. Bg5 Nbd7 7. f4 Qc7 8. Qf3 h6 9. Bxf6 Nxf6 10. h3 e5 11. Nb3 Be7 12. Bd3 0-0 13. f5 b5 14. g4 Bb7 15. h4 b4 16. Nd5 Bxd5 17. exd5 e4 18. Bxe4 Nxe4 19. Qxe4 Bxh4+ 20. Kd1 Bf6 21. Kc1 a5 22. a3 Rfe8 23. Qd3 Rac8 24. Qd1 a4 25. Nd2 b3 26. c3 Bxc3 27. Kb1 Bxd2 28. Qxd2 Qc4 0-1

[Event "Kimberley Moja op"]
[Site "Kimberley"]
[Date "2023.09.30"]
[Round "1"]
[White "Karsten, Jan"]
[Black "Moyo, Blessing"]
[Result "1-0"]
[WhiteElo "2249"]
[BlackElo "1876"]
[PlyCount "115"]
[EventDate "2023.09.30"]
[EventType "swiss"]
[EventRounds "9"]
[EventCountry "RSA"]
[SourceTitle "EXT 2024"]
[Source "ChessBase"]
[SourceDate "2023.10.10"]
[SourceVersion "1"]
[SourceVersionDate "2023.10.10"]
[SourceQuality "1"]

1. e4 c5 2. Nf3 Nc6 3. Bb5 g6 4. 0-0 Bg7 5. c3 Nf6 6. Re1 0-0 7. d4 cxd4 8. cxd4 d5 9. e5 Ne4 10. Bxc6 bxc6 11. Be3 Qb6 12. Qc1 f6 13. Nc3 Nxc3 14. Qxc3 Bg4 15. exf6 exf6 16. Nd2 Rae8 17. Bf4 Bd7 18. Nb3 Rxe1+ 19. Rxe1 Re8 20. Rxe8+ Bxe8 21. Qe3 Bf7 22. Bh6 Bxh6 23. Qxh6 Qb4 24. Qd2 Qc4 25. h4 Be6 26. Qf4 Kg7 27. g4 Qe2 28. g5 fxg5 29. hxg5 Bf5 30. Qe5+ Qxe5 31. dxe5 Kf7 32. f4 Bb1 33. a3 Ba2 34. Nc5 Bb1 35. Kf2 Bc2 36. Ke3 Ke7 37. Kd4 Bd1 38. Nb7 Ke6 39. Nd6 Ba4 40. Kc5 a6 41. b4 Bb5 42. Nb7 Ke7 43. Na5 Ba4 44. Kd4 Bd1 45. Nxc6+ Ke6 46. Nd8+ Kf5 47. b5 axb5 48. e6 b4 49. axb4 Ba4 50. e7 Kxf4 51. Nf7 Be8 52. Nd6 Bd7 53. b5 Kxg5 54. b6 Kf6 55. b7 Kxe7 56. b8Q Ke6 57. Qf8 h5 58. Nb7 1-0

[Event "Titled Tuesday intern op 25th Apr Early"]
[Site "Chess.com INT"]
[Date "2023.04.25"]
[Round "6"]
[White "Karsten, Jan"]
[Black "Avazkhonov, Alikhon"]
[Result "1-0"]
[WhiteElo "2292"]
[BlackElo "1538"]
[PlyCount "137"]
[EventDate "2023.04.25"]
[EventType "swiss (blitz)"]
[EventRounds "11"]
[EventCountry "USA"]
[SourceTitle "EXT 2024"]
[Source "ChessBase"]
[SourceDate "2023.10.10"]
[SourceVersion "1"]
[SourceVersionDate "2023.10.10"]
[SourceQuality "1"]

1. e4 c5 2. Nf3 d6 3. d4 cxd4 4. Nxd4 Nf6 5. Nc3 a6 6. Bg5 e6 7. f4 h6 8. Bh4 Be7 9. Qf3 Nbd7 10. 0-0-0 Qc7 11. Be2 b5 12. Bxf6 Nxf6 13. e5 Bb7 14. Qg3 dxe5 15. fxe5 Ne4 16. Nxe6 Qxc3 17. Nxg7+ Kf8 18. Ne6+ Ke8 19. Qxc3 Nxc3 20. Nc7+ Kf8 21. bxc3 Rc8 22. Nd5 Ba3+ 23. Kb1 Bxd5 24. Rxd5 Rg8 25. g3 Rxc3 26. Rf1 Re3 27. Bh5 Rg7 28. Rd7 Be7 29. Ra7 Rxe5 30. Ra8+ Bd8 31. Rxd8+ Ke7 32. Ra8 Rxh5 33. Rxa6 Rxh2 34. Rf3 Rg2 35. Rb6 R2xg3 36. Rb7+ Ke6 37. Rbxf7 Rxf7 38. Rxg3 h5 39. Kb2 h4 40. Rh3 Rh7 41. Kb3 Kf5 42. Kb4 Kg4 43. Rh1 Rh5 44. a4 bxa4 45. Kxa4 Kg3 46. c4 h3 47. Rc1 h2 48. c5 Rxc5 49. Rxc5 h1Q 50. Kb5 Qb1+ 51. Kc4 Kf4 52. Kd5 Qe4+ 53. Kd6 Qd4+ 54. Kc6 Ke4 55. Kb5 Qb2+ 56. Kc6 Kd4 57. Rd5+ Ke4 58. Rc5 Qf6+ 59. Kb5 Kd4 60. Rc4+ Kd3 61. Rc5 Qd8 62. Kc6 Kd4 63. Rb5 Qc8+ 64. Kb6 Kc4 65. Ka7 Qc7+ 66. Rb7 Qa5+ 67. Kb8 Kc5 68. Rc7+ Kd6 69. Rb7 1-0

[Event "Titled Tuesday intern op 11th Apr Early"]
[Site "Chess.com INT"]
[Date "2023.04.11"]
[Round "7"]
[White "Erzhanov, Arman"]
[Black "Karsten, Jan"]
[Result "0-1"]
[WhiteElo "2228"]
[BlackElo "2292"]
[PlyCount "56"]
[EventDate "2023.04.11"]
[EventType "swiss (blitz)"]
[EventRounds "11"]
[EventCountry "USA"]
[SourceTitle "CBM 213 Extra"]
[Source "ChessBase"]
[SourceDate "2023.05.31"]
[SourceVersion "1"]
[SourceVersionDate "2023.05.31"]
[SourceQuality "1"]

1. e4 c5 2. Nf3 d6 3. d4 cxd4 4. Qxd4 Nc6 5. Bb5 Bd7 6. Qd3 g6 7. 0-0 Bg7 8. h3 Nf6 9. c4 0-0 10. Nc3 a6 11. Bxc6 Bxc6 12. Be3 b5 13. cxb5 axb5 14. Nd4 Qd7 15. Nxc6 Qxc6 16. f3 Qc4 17. Rfd1 Qxd3 18. Rxd3 b4 19. Nb5 Rfc8 20. a4 Nd7 21. Bd4 Nc5 22. Bxc5 dxc5 23. Rd2 c4 24. a5 c3 25. bxc3 bxc3 26. Rc2 Rc5 27. Rb1 Rxa5 28. Rb4 Raxb5 0-1

[Event "Titled Tuesday intern op 11th Apr Early"]
[Site "Chess.com INT"]
[Date "2023.04.11"]
[Round "4"]
[White "Karsten, Jan"]
[Black "Manon Og, Ramon Jr"]
[Result "1-0"]
[WhiteElo "2292"]
[BlackElo "1999"]
[PlyCount "59"]
[EventDate "2023.04.11"]
[EventType "swiss (blitz)"]
[EventRounds "11"]
[EventCountry "USA"]
[SourceTitle "CBM 213 Extra"]
[Source "ChessBase"]
[SourceDate "2023.05.31"]
[SourceVersion "1"]
[SourceVersionDate "2023.05.31"]
[SourceQuality "1"]

1. e4 c5 2. Nf3 d6 3. d4 cxd4 4. Nxd4 Nf6 5. Nc3 a6 6. Bg5 e6 7. f4 Be7 8. Qf3 Nbd7 9. 0-0-0 Qc7 10. Bd3 h6 11. Qh3 Nc5 12. Rhe1 Nxd3+ 13. Rxd3 b5 14. e5 dxe5 15. fxe5 Nd5 16. Bd2 Bb7 17. Nxe6 fxe6 18. Qxe6 Nxc3 19. Qg6+ Kf8 20. Rxc3 Qd7 21. e6 Qe8 22. Rf1+ Kg8 23. Rf7 Rh7 24. Rg3 Kh8 25. Qxh7+ Kxh7 26. Rgxg7+ Kh8 27. Rh7+ Kg8 28. Rfg7+ Kf8 29. Bxh6 Bg5+ 30. Rxg5# 1-0

[Event "Titled Tuesday intern op 11th Apr Early"]
[Site "Chess.com INT"]
[Date "2023.04.11"]
[Round "2"]
[White "Koridze, Lile"]
[Black "Karsten, Jan"]
[Result "1-0"]
[WhiteElo "2191"]
[BlackElo "2292"]
[PlyCount "85"]
[EventDate "2023.04.11"]
[EventType "swiss (blitz)"]
[EventRounds "11"]
[EventCountry "USA"]
[SourceTitle "CBM 213 Extra"]
[Source "ChessBase"]
[SourceDate "2023.05.31"]
[SourceVersion "1"]
[SourceVersionDate "2023.05.31"]
[SourceQuality "1"]

1. d4 Nf6 2. c4 g6 3. Nc3 Bg7 4. e4 d6 5. Nf3 0-0 6. Be2 Na6 7. Bf4 Nh5 8. Be3 e5 9. 0-0 Nf4 10. a3 Nxe2+ 11. Qxe2 Bg4 12. Rad1 f5 13. dxe5 f4 14. Bc1 Bxe5 15. h3 Bxf3 16. Qxf3 Nc5 17. b4 Ne6 18. Ne2 Qh4 19. Qg4 Qf6 20. Qf3 Ng5 21. Qb3 f3 22. Ng3 Rf7 23. c5 Raf8 24. cxd6 cxd6 25. Rd3 Kh8 26. Bxg5 Qxg5 27. Qd5 Qh4 28. Nh1 fxg2 29. Kxg2 Qf4 30. Ng3 Qh4 31. Ne2 Qh5 32. Ng3 Qh4 33. Nh1 Rf4 34. Ng3 Qg5 35. Qe6 R4f6 36. Qg4 Qh6 37. Qd7 R6f7 38. Qe6 Rf6 39. Qg4 Rf4 40. Qe6 Rh4 41. f3 Qg5 42. f4 Bxf4 43. Rdf3 1-0

[Event "Nairobi op"]
[Site "Nairobi"]
[Date "2023.04.06"]
[Round "1"]
[White "Karsten, Jan"]
[Black "Kuguru, Harrison Githinji"]
[Result "1-0"]
[WhiteElo "2292"]
[BlackElo "1614"]
[PlyCount "81"]
[EventDate "2023.04.06"]
[EventType "swiss"]
[EventRounds "9"]
[EventCountry "KEN"]
[SourceTitle "EXT 2024"]
[Source "ChessBase"]
[SourceDate "2023.10.10"]
[SourceVersion "1"]
[SourceVersionDate "2023.10.10"]
[SourceQuality "1"]

1. e4 e5 2. Nf3 Nc6 3. Bb5 a6 4. Ba4 Nf6 5. 0-0 Be7 6. Re1 b5 7. Bb3 0-0 8. a3 d6 9. c3 Bb7 10. d4 exd4 11. cxd4 Na5 12. Bc2 c5 13. d5 Nc4 14. b3 Nb6 15. a4 Re8 16. Nbd2 Bf8 17. Bb2 g6 18. Bd3 c4 19. bxc4 Nxa4 20. Bd4 bxc4 21. Qxa4 cxd3 22. Rab1 Rb8 23. Bxf6 Qxf6 24. Rxb7 Rxb7 25. Qxe8 Rb2 26. Rc1 Rc2 27. Rb1 Rb2 28. Rxb2 Qxb2 29. e5 Kg7 30. e6 Qf6 31. h3 Qa1+ 32. Kh2 Qf6 33. Qxf7+ Qxf7 34. exf7 Kxf7 35. Nc4 Kf6 36. g4 Bh6 37. Kg2 a5 38. Nxd6 d2 39. Ne4+ Ke7 40. Nfxd2 Bxd2 41. Nxd2 1-0

[Event "Noisiel op 8th"]
[Site "Noisiel"]
[Date "2023.02.22"]
[Round "7"]
[White "Meillon, Judicael"]
[Black "Karsten, Jan"]
[Result "1/2-1/2"]
[WhiteElo "2296"]
[BlackElo "2153"]
[PlyCount "25"]
[EventDate "2023.02.18"]
[EventType "swiss"]
[EventRounds "9"]
[EventCountry "FRA"]
[SourceTitle "CBM 212 Extra"]
[Source "ChessBase"]
[SourceDate "2023.03.31"]
[SourceVersion "1"]
[SourceVersionDate "2023.03.31"]
[SourceQuality "1"]

1. Nf3 Nf6 2. c4 g6 3. b3 Bg7 4. Bb2 0-0 5. g3 c5 6. Bg2 b6 7. 0-0 Bb7 8. Nc3 d5 9. Nxd5 Nxd5 10. Bxg7 Kxg7 11. cxd5 Qxd5 12. d4 Na6 13. dxc5 1/2-1/2

[Event "Cape Town IM"]
[Site "Cape Town"]
[Date "2023.01.07"]
[Round "8"]
[White "Barrish, Daniel"]
[Black "Karsten, Jan"]
[Result "0-1"]
[WhiteElo "2257"]
[BlackElo "2078"]
[PlyCount "74"]
[EventDate "2023.01.04"]
[EventType "tourn"]
[EventRounds "9"]
[EventCountry "RSA"]
[SourceTitle "CBM 212 Extra"]
[Source "ChessBase"]
[SourceDate "2023.03.31"]
[SourceVersion "1"]
[SourceVersionDate "2023.03.31"]
[SourceQuality "1"]

1. d4 Nf6 2. c4 g6 3. Nc3 Bg7 4. e4 d6 5. Nf3 0-0 6. Be2 e5 7. 0-0 Nc6 8. d5 Ne7 9. b4 a5 10. bxa5 Rxa5 11. a4 Ra8 12. Nd2 c5 13. dxc6 bxc6 14. Ba3 c5 15. Nb3 Nc6 16. Nb5 Nd4 17. N3xd4 exd4 18. e5 dxe5 19. Bxc5 Re8 20. Bb4 Ra6 21. Ra3 Nh5 22. Bxh5 gxh5 23. c5 e4 24. Nd6 Bg4 25. f3 exf3 26. gxf3 Bh3 27. f4 Bxf1 28. Qxf1 d3 29. Qxd3 Qa8 30. Qg3 Rxd6 31. cxd6 Qa7+ 32. Kf1 Qd4 33. Bc3 Qd1+ 34. Kg2 Re2+ 35. Kh3 Re3 36. Bxg7 Rxa3 37. Bc3+ Qg4+ 0-1

[Event "Wch U20 59th"]
[Site "Cala Gonone"]
[Date "2022.10.22"]
[Round "11"]
[White "Karsten, Jan"]
[Black "Martins, Bruno Andre Leite"]
[Result "0-1"]
[WhiteElo "1985"]
[BlackElo "2306"]
[PlyCount "74"]
[EventDate "2022.10.12"]
[EventType "swiss"]
[EventRounds "11"]
[EventCountry "ITA"]
[SourceTitle "CBM 210 Extra"]
[Source "ChessBase"]
[SourceDate "2022.11.30"]
[SourceVersion "1"]
[SourceVersionDate "2022.11.30"]
[SourceQuality "1"]

1. e4 e6 2. d4 d5 3. Nc3 Nf6 4. e5 Nfd7 5. f4 c5 6. Nf3 Nc6 7. Be3 cxd4 8. Nxd4 Qb6 9. Qd2 Qxb2 10. Rb1 Qa3 11. Bb5 Nxd4 12. Bxd4 a6 13. Bxd7+ Bxd7 14. Rb3 Qe7 15. Rxb7 Rc8 16. 0-0 Qd8 17. Rfb1 Be7 18. Bb6 Bc5+ 19. Bxc5 Rxc5 20. Rb8 Rc8 21. Rxc8 Qxc8 22. Ne2 0-0 23. Nd4 Qc4 24. Qb4 Qc7 25. Rb3 Rc8 26. c3 Be8 27. Ne2 h6 28. Qd4 Bb5 29. Nc1 Qa5 30. Qd2 Qb6+ 31. Qf2 Qa5 32. Qd2 Ba4 33. Rb4 Qc5+ 34. Rd4 Bb5 35. a4 Bxa4 36. Nd3 Qa3 37. Kf2 Bb5 0-1

[Event "Wch U20 59th"]
[Site "Cala Gonone"]
[Date "2022.10.21"]
[Round "10"]
[White "Nouri, Alekhine"]
[Black "Karsten, Jan"]
[Result "1/2-1/2"]
[WhiteElo "2251"]
[BlackElo "1985"]
[PlyCount "95"]
[EventDate "2022.10.12"]
[EventType "swiss"]
[EventRounds "11"]
[EventCountry "ITA"]
[SourceTitle "CBM 210 Extra"]
[Source "ChessBase"]
[SourceDate "2022.11.30"]
[SourceVersion "1"]
[SourceVersionDate "2022.11.30"]
[SourceQuality "1"]

1. e4 c5 2. Nf3 d6 3. d4 cxd4 4. Nxd4 Nf6 5. Nc3 a6 6. Qe2 e5 7. Nf5 d5 8. Bg5 d4 9. 0-0-0 Nc6 10. Qf3 Qa5 11. Bxf6 dxc3 12. Bc4 Qb4 13. Bb3 gxf6 14. a3 cxb2+ 15. Kb1 Qxa3 16. Bxf7+ Kxf7 17. Qh5+ Ke6 18. Qe8+ Ne7 19. Rd6+ Qxd6 20. Nxd6 Kxd6 21. Qf7 Kc7 22. h4 Bd7 23. Qxf6 Ng6 24. h5 Be7 25. Qf7 Raf8 26. Qc4+ Bc6 27. hxg6 hxg6 28. Rxh8 Rxh8 29. Qf7 Kd7 30. Qxg6 Rf8 31. Qg4+ Kc7 32. Qg7 Kd6 33. f3 Bd7 34. Kxb2 Be6 35. Qh6 Kd7 36. Qg7 Rf7 37. Qh8 Rf8 38. Qg7 b5 39. Kb1 Kd6 40. Qh6 Kd7 41. Qg7 b4 42. Qxe5 Bf6 43. Qc5 Rc8 44. Qa7+ Rc7 45. Qxa6 Bc3 46. e5 Bxe5 47. Qb5+ Kd6 48. Qxb4+ 1/2-1/2

[Event "Wch U20 59th"]
[Site "Cala Gonone"]
[Date "2022.10.20"]
[Round "9"]
[White "Karsten, Jan"]
[Black "Wartiovaara, Oliver"]
[Result "1/2-1/2"]
[WhiteElo "1985"]
[BlackElo "2297"]
[PlyCount "97"]
[EventDate "2022.10.12"]
[EventType "swiss"]
[EventRounds "11"]
[EventCountry "ITA"]
[SourceTitle "CBM 210 Extra"]
[Source "ChessBase"]
[SourceDate "2022.11.30"]
[SourceVersion "1"]
[SourceVersionDate "2022.11.30"]
[SourceQuality "1"]

1. e4 e6 2. d4 d5 3. Nd2 c5 4. Ngf3 cxd4 5. Nxd4 Nc6 6. Bb5 Bd7 7. Nxc6 bxc6 8. Bd3 Qc7 9. Qe2 Ne7 10. e5 Ng6 11. Nf3 f6 12. Bxg6+ hxg6 13. Qd3 Kf7 14. Bf4 g5 15. Bg3 Qa5+ 16. c3 g4 17. Nd2 f5 18. Bf4 Be7 19. 0-0 g5 20. Be3 Qc7 21. f4 gxf3 22. Nxf3 g4 23. Nd2 Rh5 24. Bf4 Bc5+ 25. Kh1 Rah8 26. b4 Bb6 27. c4 Qd8 28. c5 Rxh2+ 29. Bxh2 Qh4 30. Rxf5+ exf5 31. Nf1 Bc7 32. Kg1 Ke6 33. Rd1 g3 34. Qxg3 Qxg3 35. Bxg3 a5 36. bxa5 Ra8 37. Nd2 Bxa5 38. Nb3 Bb4 39. Nd4+ Kf7 40. e6+ Bxe6 41. Nxc6 Bxc5+ 42. Bf2 Bxf2+ 43. Kxf2 Rxa2+ 44. Kf3 Kf6 45. Nd4 Ke5 46. Nc6+ Kd6 47. Nd4 Bd7 48. Ne2 Ke5 49. Rxd5+ 1/2-1/2

[Event "Wch U20 59th"]
[Site "Cala Gonone"]
[Date "2022.10.19"]
[Round "8"]
[White "Cappelletto, Joshuaede"]
[Black "Karsten, Jan"]
[Result "0-1"]
[WhiteElo "2337"]
[BlackElo "1985"]
[PlyCount "98"]
[EventDate "2022.10.12"]
[EventType "swiss"]
[EventRounds "11"]
[EventCountry "ITA"]
[SourceTitle "CBM 210 Extra"]
[Source "ChessBase"]
[SourceDate "2022.11.30"]
[SourceVersion "1"]
[SourceVersionDate "2022.11.30"]
[SourceQuality "1"]

1. e4 c5 2. Nf3 d6 3. d4 cxd4 4. Qxd4 Nc6 5. Qe3 a6 6. Be2 Nf6 7. 0-0 g6 8. Rd1 Bg7 9. h3 Bd7 10. Nc3 Qc7 11. Rb1 0-0 12. Qf4 b5 13. Qh4 b4 14. Nd5 Nxd5 15. exd5 Ne5 16. Nd4 Bf6 17. Bg5 Bxg5 18. Qxg5 Bb5 19. Qd2 Bxe2 20. Qxe2 Rfe8 21. Kh1 Qb7 22. f4 Nd7 23. Qf3 Rac8 24. Nc6 Nb8 25. Nxb8 Rxb8 26. Rd2 Rbc8 27. f5 Qd7 28. fxg6 hxg6 29. Rf2 e6 30. dxe6 Qxe6 31. Ra1 Rc5 32. a3 Rf5 33. Qg3 bxa3 34. bxa3 Rxf2 35. Qxf2 Qe2 36. Qxe2 Rxe2 37. Rd1 Re3 38. a4 Re4 39. a5 Re5 40. Ra1 Rc5 41. Rd1 d5 42. Kh2 Rxa5 43. Rd4 Rc5 44. Ra4 a5 45. Kg3 Kg7 46. Kf3 Rc3+ 47. Kf2 Rxc2+ 48. Ke3 Rxg2 49. Rxa5 Rg3+ 0-1